An introduction to analysis : from number to integral /

This book is about: Natural numbers; Real numbers; Functions; Sequences and series; Complements to the theory of limits; ...

Spremljeno u:
Bibliografski detalji
Glavni autor: Mikusinski, Jan.
Daljnji autori: Mikusinski, Piotr.
Format: Knjiga
Jezik:English
Izdano: New York : John Wiley and Sons, 1993.
Teme:
Oznake: Dodaj oznaku
Bez oznaka, Budi prvi tko označuje ovaj zapis!
Thư viện lưu trữ: Mạng thư viện Đại học Đà Nẵng
LEADER 01019cam a2200337 i 4500
001 000048704
003 8427
005 20030327075037.0
008 010324|1993 vm 000 eng
020 |a 0471589888 
040 |a IRC  |c IRC  |d IRC 
041 0 |a eng 
082 1 4 |a 515  |b MI-J 
100 1 |a Mikusinski, Jan. 
245 0 3 |a An introduction to analysis :  |b from number to integral /  |c Jan Mikusinski, Piotr Mikusinski. 
260 |a New York :  |b John Wiley and Sons,  |c 1993. 
300 |a xiii, 290 p. :  |b ill. ;  |c 23.5cm. 
520 3 |a This book is about: Natural numbers; Real numbers; Functions; Sequences and series; Complements to the theory of limits; ... 
630 0 4 |a Mathematical analysis. 
650 0 4 |a Mathematical analysis. 
700 1 |a Mikusinski, Piotr. 
OWN |a DUT 
999 |a From the UDN01 
TYP |a Monograph 
TYP |a Printed language 
980 |a Mạng thư viện Đại học Đà Nẵng